000 00643nam a2200241Ia 4500
003 OSt
005 20220924122052.0
006 a|||||r|||| 00| 0
007 ta
008 220923b |||||||| |||| 00| 0 urd d
020 _c45
024 _a315271
037 _cTextual
040 _aARTS
_cARTS
_burd
041 _2urd
_aurd
082 _aO168,1NKH11,7, M6
100 _aKhawir Abdurrazzaq
_9186914
245 0 _aIrfan-e-Aaghi
260 _aLahore
_bAnjuman Dabistan Pakistan
_c1986
650 _aURDU POETRY
942 _hO168,1NKH11,7, M6
_cTEXL
_2CC
999 _c410055
_d410055